000 00798nam a2200253 a 4500
001 494
003 BR-CuiBMT
005 20231107234802.0
008 231101s2022 prb 001 0 por d
020 _a9788536296135
040 _aBR-CuiBMT
_cBR-CuiBMT
080 _a342.9:336.13
_22007
090 _a342.9:336.13
_bB178t
100 1 _aBaldo, Rafael Antonio
_d
245 1 0 _aTécnicas do orçamento público :
_bfunções, procedimentos, formas e conteúdos /
_cRafael Antonio Baldo.
260 _aCuritiba :
_bJuruá.
_c2022.
300 _a263 p.:
_c21 cm
504 _aInclui bibliografia e índice.
650 _aDireito orçamentário
650 _aOrçamento público
650 _aPrincípio da legalidade
_zBrasil
650 _aFinanças públicas
_xControle
_zBrasil
942 _2udc
_cLV
999 _c494
_d494